书目信息 |
| 题名: |
图像处理与模式识别
|
|
| 作者: | 范立南 , 韩晓微 , 张广渊 著 | |
| 分册: | ||
| 出版信息: | 北京 科学出版社 2007 |
|
| 页数: | 235页 | |
| 开本: | 24cm | |
| 丛书名: | ||
| 单 册: | ||
| 中图分类: | TN911.73 , O235 | |
| 科图分类: | ||
| 主题词: | 图象处理--模式识别 | |
| 电子资源: | ||
| ISBN: | 978-7-03-018728-4 | |
| 000 | 00949nam0 2200289 450 | |
| 001 | 012004149264 | |
| 005 | 20080303093031.04 | |
| 009 | 012004149264 | |
| 010 | @a978-7-03-018728-4@dCNY36.00 | |
| 035 | @a(110019)012007025112 | |
| 100 | @a20070706d2007 em y0chiy0110 ea | |
| 101 | 0 | @achi |
| 102 | @aCN@b110000 | |
| 105 | @aa z 000yy | |
| 106 | @ar | |
| 200 | 1 | @a图像处理与模式识别@Atu xiang chu li yu mo shi shi bie@f范立南,韩晓微,张广渊著 |
| 210 | @a北京@c科学出版社@d2007 | |
| 215 | @a235页@c图@d24cm | |
| 330 | @a本书就图像处理与模式识别方面的几个关键问题进行阐述与研究,内容包括颜色相似性度量、图像滤波、图像分割及边缘检测、图像特征提取、图像分类、文字识别等。 | |
| 606 | 0 | @a图象处理@x模式识别 |
| 690 | @aTN911.73@v4 | |
| 690 | @aO235@v4 | |
| 701 | 0 | @a范立南@Afan li nan@4著 |
| 701 | 0 | @a韩晓微@Ahan xiao wei@4著 |
| 701 | 0 | @a张广渊@Azhang guang yuan@4著 |
| 801 | 0 | @aCN@b110019@c20080303 |
| 905 | @dTN911.73@e123@f4 | |
| 图像处理与模式识别/范立南,韩晓微,张广渊著.-北京:科学出版社,2007 |
| 235页:图;24cm |
| ISBN 978-7-03-018728-4:CNY36.00 |
| 本书就图像处理与模式识别方面的几个关键问题进行阐述与研究,内容包括颜色相似性度量、图像滤波、图像分割及边缘检测、图像特征提取、图像分类、文字识别等。 |
| ● |
| 相关链接 |
|
|
|
|
正题名:图像处理与模式识别
索取号:TN911.73/123
 
预约/预借
| 序号 | 登录号 | 条形码 | 馆藏地/架位号 | 状态 | 备注 |
| 1 | 0792939 | 207929394 | 第二样本阅览室/ [索取号:TN911.73/123] | 在馆 | |
| 2 | 0792940 | 207929401 | 第三借阅区/ [索取号:TN911.73/123] | 在馆 | |
| 3 | 0792941 | 207929410 | 第三借阅区/ [索取号:TN911.73/123] | 在馆 | |
| 4 | 0792942 | 207929429 | 第三借阅区/ [索取号:TN911.73/123] | 在馆 |